000 00360nam a22001457a 4500
008 250304b |||||||| |||| 00| 0 eng d
020 _a9780070660199
050 _aHD2341
_b.W54
100 _aWEIHRICH, Heinz
245 _aManagement: A Global and Entrepreneural
250 _a2nd
260 _aU.S.A
_bMcGraw Hill
_c2008
300 _avii, 527p.
942 _cBK
999 _c2074
_d2074